| 000 | 01020nam0a22002891 4500 | ||
|---|---|---|---|
| 001 | rc\2812727 | ||
| 005 | 20250806210826.0 | ||
| 035 | _a(NLR Aleph) 006938547 | ||
| 090 |
_a54538 _c54538 |
||
| 100 | _a20110915d1944 u y0rusy50 ca | ||
| 101 | 0 | _arus | |
| 102 | _aRU | ||
| 105 | _ay z ||||| | ||
| 200 | 1 |
_aИван Грозный _fР. Ю. Виппер |
|
| 205 | _a[3-е изд.] | ||
| 210 |
_aМосква _aЛенинград _cИзд-во Акад. наук СССР _d1944 _eМосква _g6-я тип. треста "Полиграфкнига" |
||
| 215 |
_a159 с. _d22 см. |
||
| 225 | 1 |
_aНаучно-популярная серия _fАкад. наук СССР |
|
| 320 | _aБиблиогр.: стр. 157-8 | ||
| 700 | 1 |
_aВиппер _bР.Ю. _f1859-1954 _gРоберт Юльевич |
|
| 801 | 0 |
_aRU _bNLR _gpsbo |
|
| 801 | 1 |
_aRU _bELAR _2rusmarc |
|
| 852 |
_aNLR _jИр20 Г-5/2 |
||
| 942 | _cBOOK | ||
| 945 | _aРоссийская национальная библиотека | ||
| 980 | _aNB | ||
| 980 | _aBV | ||